000 00314nam a22001337a 4500
008 171123b xxu||||| |||| 00| 0 eng d
020 _a9788392201021
041 _aeng
080 _a617
100 _a8
101 _aOFT
245 _aPOLE TO POLE OPTICAL COHERENCE TOMOGRAPHY
_cEDWARD.W
942 _2udc
_cBK
999 _c38325
_d38325